000 nam a22 7a 4500
999 _c23988
_d23988
008 170127b xxu||||| |||| 00| 0 eng d
020 _a9780538735609
050 _aGE 105 .M94 2014
100 _aMyers, Norman.
_d2014.
245 _aEnvironmental Issues and Solutions.
_bA modular Approach.
_cNorman, Myers.
250 _a1st ed,
260 _aCanada:
_bYolanda Cossio,
_c2014.
300 _axxiv,509p. :ill.
_bincludes bibliographical references and index.
650 _aEnvironmental Science.
700 _aSpoolman.
942 _2lcc
_cBOOKS
_hGE 105 .M94 2014